<?xml version="1.0" encoding="UTF-8"?>
<marc:record xmlns:marc="http://www.loc.gov/MARC21/slim">
   <marc:leader>00000nam a2200000 a 4500</marc:leader>
   <marc:datafield ind1="1" ind2=" " tag="100">
      <marc:subfield code="a">Hell, Bodo</marc:subfield>
      <marc:subfield code="4">aut</marc:subfield>
      <marc:subfield code="e">Verfasser/-in</marc:subfield>
   </marc:datafield>
   <marc:datafield ind1="0" ind2="0" tag="245">
      <marc:subfield code="a">Ritus und Rita</marc:subfield>
   </marc:datafield>
   <marc:datafield ind1="0" ind2="0" tag="245">
      <marc:subfield code="c">Bodo Hell</marc:subfield>
   </marc:datafield>
   <marc:datafield ind1=" " ind2="1" tag="264">
      <marc:subfield code="a">Graz</marc:subfield>
      <marc:subfield code="b">Literaturverlag Droschl</marc:subfield>
      <marc:subfield code="c">2017</marc:subfield>
   </marc:datafield>
   <marc:datafield ind1="1" ind2=" " tag="490">
      <marc:subfield code="a">Essay</marc:subfield>
      <marc:subfield code="v">69</marc:subfield>
   </marc:datafield>
   <marc:datafield ind1="1" ind2=" " tag="520">
      <marc:subfield code="a">Wie in seinem 2008 erschienenen Band "Nothelfer" spielt Bodo Hell auch hier mit den Ikonographien christlicher Märtyrer und Heiliger, vor allem aber mit dem, was sich an Legende und Wissen, an Fakten und Fiktionen rund um sie angelagert hat. Die Kleiderordnung der Muttergottes, die Christmette, die Formen und Klänge der Glocken (Kirche- und Kuh-), Abseitiges und Wissenswertes dazu aus Kunstgeschichte und Brauchtum &#x96; all das und mehr speist Bodo Hell seiner unverwechselbaren Dichtungsmaschine ein und wird damit, wie Ernst Jandl über ihn sagte, »mein Lesetempo verlangsamen, nicht die Tätigkeit meines Gehirns«.</marc:subfield>
   </marc:datafield>
   <marc:datafield ind1=" " ind2=" " tag="020">
      <marc:subfield code="a">9783854209928</marc:subfield>
      <marc:subfield code="9">9783854209928</marc:subfield>
   </marc:datafield>
   <marc:datafield ind1=" " ind2=" " tag="020">
      <marc:subfield code="a">3854209924</marc:subfield>
      <marc:subfield code="9">3854209924</marc:subfield>
   </marc:datafield>
   <marc:datafield ind1="3" ind2=" " tag="024">
      <marc:subfield code="a">9783854209928</marc:subfield>
   </marc:datafield>
   <marc:datafield ind1=" " ind2=" " tag="041">
      <marc:subfield code="a">ger</marc:subfield>
   </marc:datafield>
   <marc:datafield ind1=" " ind2=" " tag="300">
      <marc:subfield code="a">117 Seiten</marc:subfield>
   </marc:datafield>
</marc:record>
